Pays africains aléatoires par drapeau - Statistiques

Statistiques générales
  • Ce quiz a été pris 97 220 fois
    96 867 depuis la dernière actualisation
  • Le résultat moyen est 7 sur 10
Statistiques - réponses
Par images Réponse % Correct
Algérie
96%
Maroc
96%
Afrique du Sud
95%
Tunisie
95%
Égypte
94%
Côte d'Ivoire
92%
Nigeria
92%
Kenya
89%
Sénégal
89%
République démocratique du Congo
88%
Angola
86%
Cameroun
85%
Somalie
83%
Mali
81%
Tchad
81%
Madagascar
80%
Éthiopie
78%
Liberia
78%
Seychelles
78%
Ghana
77%
Mauritanie
77%
Ouganda
77%
Cap-Vert
76%
Tanzanie
76%
Burkina Faso
75%
Comores
74%
Niger
74%
Gabon
71%
Libye
71%
Soudan
70%
Togo
69%
Bénin
68%
Mozambique
68%
Burundi
67%
Lesotho
67%
République du Congo
67%
République Centrafricaine
66%
Botswana
63%
Eswatini
63%
Zambie
63%
Djibouti
61%
Guinée
61%
Malawi
61%
Zimbabwe
60%
Érythrée
59%
Namibie
56%
Rwanda
56%
Sierra Leone
56%
Soudan du Sud
56%
Île Maurice
54%
Guinée équatoriale
51%
Guinée-Bissau
50%
Gambie
49%
Sao Tomé-et-Principe
45%
Aucun quiz correspondant
Distribution des résultats
% des personnes avec chaque résultat
Percentile par nombre de réponses
Votre historique - résultats
Vous n’avez pas pris ce quiz depuis la dernière actualisation